| 000 | 00549nam a22001817a 4500 | ||
|---|---|---|---|
| 999 |
_c24806 _d24806 |
||
| 003 | OSt | ||
| 005 | 20210517101957.0 | ||
| 008 | 170315b xxu||||| |||| 00| 0 eng d | ||
| 020 | _a0673156206 | ||
| 040 |
_aMMU _beng _cMMU _dMMU |
||
| 050 | _aHD4901 .F46 1984 | ||
| 245 |
_aLabor economics and labor relations / _cRobert J. Flanagan ...[at al.]. |
||
| 260 |
_aNew York: _bScott Foresman and Company, _c1984. |
||
| 300 | _axv, 653 p.: | ||
| 500 | _aIncludes bibliographical reference and index | ||
| 650 |
_aEconomics _9179 |
||
| 942 |
_2lcc _cLOAN LOAN |
||